[Event "Aragon-chT"]
[Site "Spain"]
[Date "2004.02.14"]
[Round "3"]
[White "Gimenez Martinez, Alberto"]
[Black "Maradiaga Garcia, Carlos"]
[Result "1-0"]
[WhiteElo "1920"]
[BlackElo "1944"]
[PlyCount "41"]
[EventDate "2004.01.??"]
[EventType "team"]
[EventRounds "11"]
[EventCountry "ESP"]
[SourceTitle "EXT 2006"]
[Source "ChessBase"]
[SourceDate "2005.11.24"]
[SourceVersion "1"]
[SourceVersionDate "2005.11.24"]
[SourceQuality "1"]

1. e4 c5 2. Nf3 e6 3. d4 cxd4 4. Nxd4 Nf6 5. Nc3 a6 6. Be3 Be7 7. Be2 Nc6 8. 0-0 Qc7 9. f4 d6 10. Bf3 Bd7 11. g4 h6 12. g5 Nxd4 13. Bxd4 hxg5 14. fxg5 d5 15. e5 Ne4 16. Bxe4 dxe4 17. Nxe4 Rh4 18. Qf3 Qxc2 19. Qxf7+ Kd8 20. Bb6+ Kc8 21. Qg8+ 1-0

[Event "Aragon-chT"]
[Site "Spain"]
[Date "2004.??.??"]
[Round "?"]
[White "Arino Lison, Juan Jose"]
[Black "Maradiaga Garcia, Carlos"]
[Result "1-0"]
[WhiteElo "2104"]
[BlackElo "1944"]
[PlyCount "59"]
[EventDate "2004.01.??"]
[EventType "team"]
[EventRounds "11"]
[EventCountry "ESP"]
[SourceTitle "EXT 2006"]
[Source "ChessBase"]
[SourceDate "2005.11.24"]
[SourceVersion "1"]
[SourceVersionDate "2005.11.24"]
[SourceQuality "1"]

1. e4 c5 2. Nf3 e6 3. Nc3 Nc6 4. d4 d5 5. exd5 exd5 6. dxc5 Be6 7. Be3 Nf6 8. Be2 a6 9. Na4 Ng4 10. Bd4 Qc7 11. c3 Rd8 12. b4 Qf4 13. Nb2 Be7 14. Nd3 Qe4 15. h3 Nxd4 16. cxd4 Nh6 17. 0-0 Bf6 18. Nde5 Bxe5 19. Nxe5 Nf5 20. Nf3 0-0 21. Qd2 Bd7 22. Bxa6 Nxd4 23. Nxd4 bxa6 24. Rae1 Qg6 25. Re3 Rfe8 26. Rfe1 Re4 27. Rg3 Qf6 28. Nf3 Bc6 29. Qg5 Rde8 30. Qxf6 1-0